| 000 | 00788cab a2200253 4500 | ||
|---|---|---|---|
| 001 | ABS60186 | ||
| 008 | 090401t1999 xxu||||| |||| 00| 0 eng d | ||
| 035 | _a(Sirsi) u99709 | ||
| 041 | _aeng | ||
| 100 | _aRussell, L. | ||
| 245 | _aNurturing virtual humans | ||
| 260 | _c1999 | ||
| 350 | _a0 | ||
| 490 |
_aNew Civil Engineer _v(1298) 25 February 1999, 23-24(2) |
||
| 520 | _aReports on recent research by BT which could change the ways people work. Looks in particular at virtual conferences, which are proving very popular. | ||
| 650 | _aBT | ||
| 650 | _aCONFERENCE CALL PRESENCE | ||
| 650 | _aTELE-CONFERENCING | ||
| 650 | _aTELEPHONY | ||
| 650 | _aTELEPRESENCE | ||
| 690 | _aMANAGEMENT-BUSINESS MANAGEMENT-INFORMATION MANAGEMENT | ||
| 942 | _n0 | ||
| 948 | _c02/03/1999 | ||
| 999 |
_c59947 _d59947 |
||